Catálogo

Sólo lo maravilloso es bello : (Registro nro. 48779)

Detalles MARC
000 -LEADER
fixed length control field 01768cam a2200373 i 4500
001 - CONTROL NUMBER
control field 48779
003 - CONTROL NUMBER IDENTIFIER
control field Mx-PuUPA
005 - DATE AND TIME OF LATEST TRANSACTION
control field 20251016122412.0
008 - FIXED-LENGTH DATA ELEMENTS--GENERAL INFORMATION
fixed length control field 140415s2022 mx a gr 001 0 spa d
020 ## - INTERNATIONAL STANDARD BOOK NUMBER
International Standard Book Number 9786076057216
040 ## - CATALOGING SOURCE
Transcribing agency Mx-PuUPA
Original cataloging agency Mx-PuUPA
Language of cataloging spa
Modifying agency Mx-PuUPA
Description conventions rda
041 0# - LANGUAGE CODE
Language code of text/sound track or separate title spa
245 10 - TITLE STATEMENT
Title Sólo lo maravilloso es bello :
Remainder of title surrealismo en diálogo Museo Boijmans van Beuningen - México /
Statement of responsibility, etc. Instituto Nacional de Bellas Artes y Literatura, [editor] ; Miguel Fernández Félix, coordinación general ; Lizbeth Sánchez Ayala, investigación iconográfica ; Oswaldo Hernández Trujillo, Adriana Huerta Nuñez, Andrés Ramos García, traducción
250 ## - EDITION STATEMENT
Edition statement Primera edición
264 #1 - PRODUCTION, PUBLICATION, DISTRIBUTION, MANUFACTURE, AND COPYRIGHT NOTICE
Place of production, publication, distribution, manufacture Ciudad de México :
Name of producer, publisher, distributor, manufacturer Museo Boijmans van Beuningen,
Date of production, publication, distribution, manufacture, or copyright notice ©2022
300 ## - PHYSICAL DESCRIPTION
Extent 589 páginas :
Other physical details ilustraciones, fotografías ;
Dimensions 31 cm
336 ## - CONTENT TYPE
Fuente rdacontent
Content type term texto
Content type code txt
337 ## - MEDIA TYPE
Source rdamedia
Media type term sin medio
Media type code n
338 ## - CARRIER TYPE
Source rdacarrier
Carrier type term volumen
Carrier type code nc
610 14 - SUBJECT ADDED ENTRY--CORPORATE NAME
Corporate name or jurisdiction name as entry element Museo Boijmans Van Beuringe (Rotterdam, Países Bajos)
650 #7 - SUBJECT ADDED ENTRY--TOPICAL TERM
Source of heading or term armarc
Topical term or geographic name entry element Arte moderno
Chronological subdivision Siglo XX
Form subdivision Catálogo de exposiciones
650 #7 - SUBJECT ADDED ENTRY--TOPICAL TERM
Source of heading or term armarc
Topical term or geographic name entry element Feminismo y las artes
Form subdivision Exposiciones
650 #7 - SUBJECT ADDED ENTRY--TOPICAL TERM
Source of heading or term armarc
Topical term or geographic name entry element Surrealismo (Arte)
Form subdivision Exposiciones
700 1# - ADDED ENTRY--PERSONAL NAME
Personal name Fernández Félix, Miguel,
Relator term coordinador
9 (RLIN) 13684
700 1# - ADDED ENTRY--PERSONAL NAME
Personal name Sánchez Ayala, Lizbeth,
9 (RLIN) 17421
Relator term colaborador
700 1# - ADDED ENTRY--PERSONAL NAME
Personal name Hernández Trujillo, Oswaldo
Relator term traductor
700 1# - ADDED ENTRY--PERSONAL NAME
Personal name Huerta Nuñez, Adriana,
Relator term traductor
700 1# - ADDED ENTRY--PERSONAL NAME
Personal name Ramos García, Andrés,
Relator term traductor
710 1# - ADDED ENTRY--CORPORATE NAME
Corporate name or jurisdiction name as entry element Instituto Nacional de Bellas Artes y Literatura
Relator term editor
942 ## - ADDED ENTRY ELEMENTS (KOHA)
Source of classification or shelving scheme Dewey Decimal Classification
Koha item type Libro
Classification part 700.904
Item part S68
Existencias
Withdrawn status Lost status Source of classification or shelving scheme Damaged status Not for loan Collection code Home library Current library Shelving location Date acquired Source of acquisition Cost, normal purchase price Total Checkouts Full call number Barcode Date last seen Cost, replacement price Price effective from Koha item type
    Dewey Decimal Classification     Referencia Biblioteca Karol Wojtyla Biblioteca Karol Wojtyla Área de silencio 03/12/2013 Donación 0.00   700.904 S68 2022 46942 05/01/2026 0.00 03/12/2013 Folio